10 największych miast w Mjanmie (Birmie) - Statystyki

Ogólne statystyki
  • Ten quiz został rozwiązany 23 razy
  • Średni wynik to 3 z 10
Statystyki odpowiedzi
Liczba mieszkańców Nazwa miasta % Poprawnych
2 513 023 Rangun
88%
532 949 Mandalaj
71%
150 528 Pegu
29%
107 621 Sittwe
29%
144 096 Basejn
18%
219 961 Mulmejn
18%
88 600 Myeik
18%
108 231 Taunggyi
18%
96 492 Miktila
12%
106 843 Munywa
12%
Nie znaleziono quizów pasujących do podanych kryteriów
Rozkład punktacji
Procent ludzi z każdym wynikiem
Percentyl według liczby udzielonych odpowiedzi
Twoja historia wyników
Nie rozwiązałeś tego quizu